Music Quiz

Random Music or Song Quiz

Song Titles In The Rain Quiz Stats

 Plays Quiz Updated May 26, 2018

Also try: 'Bad' Song Titles
Challenge
Share
Tweet
Embed
Score 0/30 Timer 06:00
9 Plays Today
% Correct
Head
90.8%
Purple
90.4%
Blame
89.1%
Again
88.4%
Men
87.5%
Stop
86.7%
Fire
84.9%
Through
84.1%
Blue
83.1%
California
80.8%
Feeling
78.5%
Happy
75.8%
Night
74.7%
Roof
74.7%
Georgia
73.8%
% Correct
November
71.4%
Mondays
71%
Walking
65.6%
Rhythm
62.9%
Year
60.9%
Down
58.9%
Kentucky
58.5%
Sunday
52%
Laughter
50.5%
No
48.2%
Women
41%
People
40.9%
Mandolin
38.3%
Fool
35%
Park
34.8%

You're not logged in!

Compare scores with friends on all Sporcle quizzes.
OR
Log In

You Might Also Like...

Show Comments

Extras

Top Quizzes Today


Score Distribution

Your Account Isn't Verified!

In order to create a playlist on Sporcle, you need to verify the email address you used during registration. Go to your Sporcle Settings to finish the process.

Report this User

Report this user for behavior that violates our Community Guidelines.

Details: